Making art history : (Record no. 353071)

000 -LEADER
fixed length control field 02290 a2200289 4500
003 - CONTROL NUMBER IDENTIFIER
control field OSt
005 - DATE AND TIME OF LATEST TRANSACTION
control field 20180116192355.0
008 - FIXED-LENGTH DATA ELEMENTS--GENERAL INFORMATION
fixed length control field 120601t xxu||||| |||| 00| 0 eng d
010 ## - LIBRARY OF CONGRESS CONTROL NUMBER
LC control number 2006037163
020 ## - INTERNATIONAL STANDARD BOOK NUMBER
International Standard Book Number 9780415372343 (hardback : alk. paper)
020 ## - INTERNATIONAL STANDARD BOOK NUMBER
International Standard Book Number 0415372348 (hardback : alk. paper)
020 ## - INTERNATIONAL STANDARD BOOK NUMBER
International Standard Book Number 9780415372350 (pbk. : alk. paper)
020 ## - INTERNATIONAL STANDARD BOOK NUMBER
International Standard Book Number 0415372356 (pbk. : alk. paper)
035 ## - SYSTEM CONTROL NUMBER
System control number (OCoLC)ocm76074237
040 ## - CATALOGING SOURCE
Transcribing agency 0
082 00 - DEWEY DECIMAL CLASSIFICATION NUMBER
Classification number 701.18
245 00 - TITLE STATEMENT
Title Making art history :
Remainder of title a changing discipline and its institutions /
Statement of responsibility, etc. edited by Elizabeth C. Mansfield.
260 ## - PUBLICATION, DISTRIBUTION, ETC.
Place of publication, distribution, etc. New York ;
-- London :
Name of publisher, distributor, etc. Routledge,
Date of publication, distribution, etc. 2007.
300 ## - PHYSICAL DESCRIPTION
Extent xi, 274 p. :
Other physical details ill. ;
Dimensions 24 cm.
505 0# - FORMATTED CONTENTS NOTE
Formatted contents note The call of the canon : why art history cannot do without / Marlite Halbertsma -- From the prophet to postmodernism? New world orders and the end of Islamic art / Finbarr Barry Flood -- Turning green into black, or how I learned to live with the canon / Steven Nelson -- What's in a name? "Flanders," language and the historiography of late medieval art in Belgium since federalization / Gregory T. Clark -- Art history's present tense / Janet Kraynak -- The totality of form : S.J. Freedberg's criticism and Clement Greenberg's history / Eric Rosenberg -- Unmaking art history / Donald Preziosi -- Rhetoric and motive in art history : a shapeshifter's perspective / Christopher Bucklow -- On the institution of limits / Stephen Melville -- Remaking art history : working wonder in the university's ruins / Claire Farago -- Deep innovation and mere eccentricity in Islamic art history / David Carrier -- Art, science, and evolution / Robert O. Bork -- Figuring the origins of the modern at the fin de siècle : the trope of the pathetic male / Anna C. Chave -- Re-imagining meaning in the contemporary museum : from things that go beep in the case to the artist ex machina / Christopher R. Marshall -- (Con)Testing resources / Maureen Connor.
650 10 - SUBJECT ADDED ENTRY--TOPICAL TERM
Topical term or geographic name entry element Art
General subdivision Historiography.
9 (RLIN) 3548
650 10 - SUBJECT ADDED ENTRY--TOPICAL TERM
Topical term or geographic name entry element Art and society.
9 (RLIN) 3549
700 1# - ADDED ENTRY--PERSONAL NAME
Personal name Mansfield, Elizabeth,
Dates associated with a name 1965-
9 (RLIN) 3550
856 41 - ELECTRONIC LOCATION AND ACCESS
Materials specified Table of contents only
Uniform Resource Identifier <a href="http://www.loc.gov/catdir/toc/ecip074/2006037163.html">http://www.loc.gov/catdir/toc/ecip074/2006037163.html</a>
942 ## - ADDED ENTRY ELEMENTS (KOHA)
Institution code [OBSOLETE] SADA
Koha item type Book
Call number prefix 701.18 MAK 2007
Source of classification or shelving scheme
Holdings
Withdrawn status Lost status Source of classification or shelving scheme Damaged status Not for loan Permanent Location Current Location Date acquired Total Checkouts Total Renewals Full call number Barcode Date last seen Date last checked out Cost, replacement price Price effective from Koha item type
          School of Art Design and Architecture (SADA) School of Art Design and Architecture (SADA) 05/19/2011 2 1 701.18 MAK 2007 SADA0001028 04/04/2014 03/31/2014 2694.00 08/05/2011 Book
© 2023 Central Library, National University of Sciences and Technology. All Rights Reserved.